[Event "40th Nordic Ch"]
[Site "Gjoevik NOR"]
[Date "1985.07.16"]
[Round "1"]
[White "Hansen, Curt"]
[Black "Agdestein, Simen"]
[Result "1-0"]
[WhiteElo "2500"]
[BlackElo "2515"]
[EventDate "1985.07.16"]
[PlyCount "92"]

1.d4 Nf6 2.Nf3 e6 3.c4 c5 4.d5 exd5 5.cxd5 d6 6.Nc3 g6 7.e4 Bg7 8.Be2 O-O 
9.O-O a6 10.a4 Bg4 11.Bg5 Bxf3 12.Bxf3 Nbd7 13.Qd2 Re8 14.a5 c4 15.Ra4 Qc7
16.Qf4 h5 17.Be2 Nh7 18.Bh6 Bxh6 19.Qxh6 b5 20.axb6 Nxb6 21.Ra3 Nf6 22.f3 
Nbxd5 23.exd5 Qb6+ 24.Kh1 Qxb2 25.Qc1 Rxe2 26.Nxe2 Qxe2 27.Re3 Qa2 28.Ra3 
Qe2 29.Re1 Qf2 30.Rae3 Nxd5 31.R1e2 Qh4 32.Re4 Qf6 33.Qxc4 Nf4 34.Re1 g5 
35.h4 d5 36.Qd4 Qc6 37.Rxf4 gxf4 38.Re5 Qh6 39.Rg5+ Kh7 40.Qxd5 Qe6 41.
Rxh5+ Kg7 42.Qg5+ Qg6 43.Qe5+ f6 44.Qe7+ Kg8 45.Qe6+ Kg7 46.Qd7+ 1-0

[Event "40th Nordic Ch"]
[Site "Gjoevik NOR"]
[Date "1985.07.16"]
[Round "1"]
[White "Helmers, Knut"]
[Black "Hansen, Jens Christian"]
[Result "1-0"]
[WhiteElo "2435"]
[BlackElo "2215"]
[EventDate "1985.07.16"]
[PlyCount "78"]

1.Nf3 Nf6 2.c4 e6 3.d4 d5 4.g3 c6 5.Bg2 Bb4+ 6.Nc3 Ne4 7.Qc2 Qa5 8.Bd2 
Nxd2 9.Nxd2 O-O 10.O-O f5 11.a3 Bxc3 12.bxc3 Nd7 13.a4 Qc7 14.cxd5 exd5 
15.c4 Qd6 16.cxd5 cxd5 17.e3 Nf6 18.Nf3 Ne4 19.Rfc1 Bd7 20.Qb3 b6 21.Bf1 
Rac8 22.Ba6 Rxc1+ 23.Rxc1 Kh8 24.Ne5 g5 25.Bc8 Be8 26.Bb7 Nf6 27.Rc8 Kg7 
28.Qc2 Bg6 29.Qc7+ Qxc7 30.Rxc7+ Kh6 31.Bc6 a6 32.Rb7 b5 33.axb5 axb5 34.
Rxb5 Rd8 35.Rb7 Kh5 36.Nd7 Nxd7 37.Rxd7 Rxd7 38.Bxd7 Bf7 39.Bxf5 1-0

[Event "40th Nordic Ch"]
[Site "Gjoevik NOR"]
[Date "1985.07.16"]
[Round "1"]
[White "Maki, Veijo"]
[Black "Westerinen, Heikki"]
[Result "1/2-1/2"]
[WhiteElo "2365"]
[BlackElo "2390"]
[EventDate "1985.07.16"]
[PlyCount "32"]

1.e4 Nf6 2.e5 Nd5 3.d4 d6 4.Nf3 g6 5.Bc4 Nb6 6.Bb3 Nc6 7.exd6 cxd6 8.d5 
Ne5 9.Nxe5 dxe5 10.c4 Nd7 11.Nc3 Bg7 12.Be3 b6 13.Ba4 O-O 14.Bc6 Rb8 15.
O-O Nf6 16.f3 1/2-1/2

[Event "40th Nordic Ch"]
[Site "Gjoevik NOR"]
[Date "1985.07.16"]
[Round "1"]
[White "Yrjola, Jouni"]
[Black "Oest-Hansen, Jacob"]
[Result "1-0"]
[WhiteElo "2460"]
[BlackElo "2420"]
[EventDate "1985.07.16"]
[PlyCount "70"]

1.d4 Nf6 2.Nf3 g6 3.c4 Bg7 4.Nc3 O-O 5.e4 d6 6.Be2 e5 7.O-O Nc6 8.d5 Ne7 
9.b4 Nh5 10.c5 Nf4 11.Bxf4 exf4 12.Rc1 h6 13.Nd2 g5 14.Nc4 Ng6 15.cxd6 
cxd6 16.a4 Bxc3 17.Rxc3 Qf6 18.Qd2 g4 19.Rfc1 Re8 20.Bd3 Rb8 21.b5 Bd7 22.
Na5 Qd4 23.Nc4 Qf6 24.Na5 Qd4 25.Rc4 Qb6 26.R4c2 Qd4 27.Qc3 Qxc3 28.Rxc3 
Ne5 29.Bf1 Rec8 30.Rc7 Kf8 31.Nxb7 Rxb7 32.Rxc8+ Bxc8 33.Rxc8+ Ke7 34.a5 
Nd7 35.a6 1-0

[Event "40th Nordic Ch"]
[Site "Gjoevik NOR"]
[Date "1985.07.16"]
[Round "1"]
[White "Hjartarson, Johann"]
[Black "Wiedenkeller, Michael"]
[Result "1-0"]
[WhiteElo "2505"]
[BlackElo "2465"]
[EventDate "1985.07.16"]
[PlyCount "98"]

1.d4 Nf6 2.c4 e6 3.Nf3 d5 4.Bg5 Bb4+ 5.Nbd2 h6 6.Bxf6 Qxf6 7.Rc1 O-O 8.a3 
Bxd2+ 9.Qxd2 Rd8 10.g3 Nc6 11.Qf4 Qxf4 12.gxf4 dxc4 13.Rxc4 Ne7 14.e3 Nd5 
15.Bg2 b6 16.Ne5 Bb7 17.Rxc7 Nxc7 18.Bxb7 Rab8 19.Nc6 Nd5 20.Nxb8 Rxb8 21.
Bxd5 exd5 22.Kd2 Rc8 23.f5 Rc6 24.f3 Rf6 25.e4 g6 26.Rg1 Kf8 27.fxg6 fxg6 
28.Ke3 Ke7 29.Rc1 Kd7 30.h4 g5 31.hxg5 hxg5 32.Rg1 Rg6 33.Rh1 Rg7 34.e5 
Ke7 35.Rh2 Kf7 36.Rh6 g4 37.Rc6 Rg8 38.fxg4 Rxg4 39.Rd6 Rg2 40.Rxd5 Rxb2 
41.Rd7+ Ke6 42.Rxa7 Kd5 43.Rd7+ Kc6 44.e6 Rb3+ 45.Kf4 Rb1 46.d5+ Kc5 47.e7
Re1 48.d6 Kc6 49.Rd8 1-0

[Event "40th Nordic Ch"]
[Site "Gjoevik NOR"]
[Date "1985.07.17"]
[Round "2"]
[White "Westerinen, Heikki"]
[Black "Agdestein, Simen"]
[Result "0-1"]
[WhiteElo "2390"]
[BlackElo "2515"]
[EventDate "1985.07.16"]
[PlyCount "80"]

1.e4 e6 2.d4 d5 3.Nc3 Bb4 4.Ne2 dxe4 5.a3 Bxc3+ 6.Nxc3 Nc6 7.Be3 Nf6 8.Bb5
Bd7 9.Qd2 h6 10.O-O-O Ne7 11.Bc4 Bc6 12.Bf4 O-O 13.Rhe1 Ng6 14.Bg3 Bd5 15.
Bf1 Nd7 16.Nb5 c6 17.Nc7 Rc8 18.c4 Rxc7 19.Bxc7 Qxc7 20.g3 e3 21.Qxe3 c5 
22.dxc5 Bc6 23.f4 Ne7 24.b4 Nf5 25.Qc3 Nf6 26.Bd3 Ba4 27.Rd2 b6 28.cxb6 
axb6 29.Kb2 Bc6 30.Bc2 Nd6 31.Rd4 Rc8 32.Qd3 Nf5 33.Rd1 Nxd4 34.Qxd4 Bd5 
35.Bb3 Bxc4 36.Rc1 b5 37.a4 Rd8 38.Qf2 Qe7 39.axb5 Ne4 40.Qe1 Rd2+ 0-1

[Event "40th Nordic Ch"]
[Site "Gjoevik NOR"]
[Date "1985.07.17"]
[Round "2"]
[White "Schussler, Harry"]
[Black "Helmers, Knut"]
[Result "1/2-1/2"]
[WhiteElo "2465"]
[BlackElo "2435"]
[EventDate "1985.07.16"]
[PlyCount "42"]

1.d4 Nf6 2.c4 g6 3.Nc3 d5 4.Nf3 Bg7 5.cxd5 Nxd5 6.e4 Nxc3 7.bxc3 c5 8.Rb1 
O-O 9.Be2 Nc6 10.d5 Ne5 11.Nxe5 Bxe5 12.Qd2 e6 13.f4 Bg7 14.c4 exd5 15.
cxd5 Bd4 16.Bb2 Qb6 17.Bd3 c4 18.Bxd4 Qxd4 19.Bc2 Qc5 20.Qf2 Qa5+ 21.Qd2 
Qc5 1/2-1/2

[Event "40th Nordic Ch"]
[Site "Gjoevik NOR"]
[Date "1985.07.17"]
[Round "2"]
[White "Maki, Veijo"]
[Black "Hjartarson, Johann"]
[Result "0-1"]
[WhiteElo "2365"]
[BlackElo "2505"]
[EventDate "1985.07.16"]
[PlyCount "102"]

1.e4 e5 2.Nf3 Nc6 3.Bb5 a6 4.Ba4 Nf6 5.O-O Be7 6.Re1 b5 7.Bb3 O-O 8.a4 b4 
9.d4 d6 10.dxe5 dxe5 11.Qxd8 Rxd8 12.Bg5 Rb8 13.Nbd2 h6 14.Bxf6 Bxf6 15.
Bd5 Ne7 16.Bc4 Ng6 17.g3 Rb6 18.a5 Rc6 19.b3 Bh3 20.Nf1 Be7 21.Red1 Rxd1 
22.Rxd1 Rf6 23.Be2 Nf4 24.gxf4 Rg6+ 25.Ng3 exf4 26.Bc4 fxg3 27.hxg3 Kf8 
28.Ne5 Rg5 29.Nc6 Bc8 30.Rd5 Rxd5 31.exd5 Bd6 32.Nb8 c5 33.Nc6 Ke8 34.f4 
f6 35.Kg2 g5 36.fxg5 fxg5 37.g4 Bxg4 38.Bxa6 Kd7 39.Bb5 Kc7 40.a6 h5 41.
Nd8 Kb6 42.Nf7 Bb8 43.a7 Kxa7 44.d6 Kb6 45.d7 Bc7 46.Ba4 Bd1 47.d8=Q Bxd8 
48.Nxd8 Bxc2 49.Ne6 c4 50.Nd4 cxb3 51.Kf2 Ka5 0-1

[Event "40th Nordic Ch"]
[Site "Gjoevik NOR"]
[Date "1985.07.17"]
[Round "2"]
[White "Hansen, Jens Christian"]
[Black "Yrjola, Jouni"]
[Result "1/2-1/2"]
[WhiteElo "2215"]
[BlackElo "2460"]
[EventDate "1985.07.16"]
[PlyCount "62"]

1.d4 Nf6 2.c4 g6 3.Nc3 Bg7 4.e4 d6 5.f3 O-O 6.Bg5 Nc6 7.Nge2 e5 8.d5 Nd4 
9.Be3 c5 10.dxc6 Nxc6 11.Nd5 Be6 12.Nec3 Nd4 13.Bd3 Nxd5 14.cxd5 Bd7 15.
O-O f5 16.Qd2 a6 17.Ne2 f4 18.Bf2 Qb6 19.Nxd4 exd4 20.Rac1 g5 21.Rfd1 Rac8
22.Rxc8 Rxc8 23.Rc1 Rc5 24.h4 h6 25.hxg5 hxg5 26.b4 Rxc1+ 27.Qxc1 Kf7 28.
Qb2 Be5 29.a3 a5 30.Be1 a4 31.Bf2 1/2-1/2

[Event "40th Nordic Ch"]
[Site "Gjoevik NOR"]
[Date "1985.07.17"]
[Round "2"]
[White "Wiedenkeller, Michael"]
[Black "Olafsson, Helgi"]
[Result "0-1"]
[WhiteElo "2465"]
[BlackElo "2515"]
[EventDate "1985.07.16"]
[PlyCount "50"]

1.d4 Nf6 2.c4 e6 3.Nf3 b6 4.g3 Ba6 5.b3 Bb4+ 6.Bd2 Be7 7.Nc3 O-O 8.e4 Bb7 
9.Bd3 d5 10.e5 Ne4 11.Qe2 Nxd2 12.Nxd2 dxc4 13.Be4 c6 14.Nf3 cxb3 15.axb3 
Nd7 16.h4 f5 17.exf6 Nxf6 18.O-O-O Bb4 19.Na2 Ba3+ 20.Kc2 Nxe4 21.Qxe4 Qd5
22.Qxd5 exd5 23.Rd3 Bc8 24.Kc3 Bf5 25.Re3 Be4 0-1

[Event "40th Nordic Ch"]
[Site "Gjoevik NOR"]
[Date "1985.07.18"]
[Round "3"]
[White "Agdestein, Simen"]
[Black "Oest-Hansen, Jacob"]
[Result "1-0"]
[WhiteElo "2515"]
[BlackElo "2420"]
[EventDate "1985.07.16"]
[PlyCount "66"]

1.d4 Nf6 2.Nf3 g6 3.c4 Bg7 4.Nc3 O-O 5.e4 d6 6.Be2 e5 7.O-O Nc6 8.d5 Ne7 
9.Nd2 a5 10.b3 c5 11.Nb5 Ne8 12.Bb2 Bh6 13.a3 f5 14.Bc3 Nf6 15.exf5 Nxf5 
16.b4 b6 17.bxc5 bxc5 18.a4 Nd4 19.Bd3 Ng4 20.h3 Nxf2 21.Rxf2 Be3 22.Ne4 
Rxf2 23.Nxf2 Qh4 24.Be1 Bxh3 25.gxh3 e4 26.Nxd4 Bxd4 27.Qg4 Qxg4+ 28.hxg4 
Bxa1 29.Nxe4 Be5 30.Ng5 Kg7 31.Ne6+ Kf7 32.Nc7 Ke7 33.Nxa8 1-0

[Event "40th Nordic Ch"]
[Site "Gjoevik NOR"]
[Date "1985.07.18"]
[Round "3"]
[White "Helmers, Knut"]
[Black "Wiedenkeller, Michael"]
[Result "1/2-1/2"]
[WhiteElo "2435"]
[BlackElo "2465"]
[EventDate "1985.07.16"]
[PlyCount "36"]

1.Nf3 Nf6 2.c4 e6 3.g3 d5 4.Bg2 dxc4 5.Qa4+ Nbd7 6.Qxc4 a6 7.Qc2 c5 8.Nc3 
Qc7 9.d4 b6 10.Bf4 Bd6 11.Bxd6 Qxd6 12.Nd2 Rb8 13.dxc5 Qxc5 14.O-O O-O 15.
Rac1 Bb7 16.Nde4 Qe7 17.Rfd1 Rfd8 18.Nxf6+ 1/2-1/2

[Event "40th Nordic Ch"]
[Site "Gjoevik NOR"]
[Date "1985.07.18"]
[Round "3"]
[White "Yrjola, Jouni"]
[Black "Schussler, Harry"]
[Result "1-0"]
[WhiteElo "2460"]
[BlackElo "2465"]
[EventDate "1985.07.16"]
[PlyCount "82"]

1.d4 Nf6 2.c4 e6 3.Nc3 Bb4 4.Bg5 h6 5.Bh4 c5 6.d5 d6 7.e3 Bxc3+ 8.bxc3 e5 
9.f3 Nbd7 10.Bd3 Qe7 11.Ne2 e4 12.Bxe4 g5 13.Bg3 Nxe4 14.fxe4 Nf6 15.e5 
dxe5 16.Qc2 Bg4 17.O-O O-O-O 18.Rab1 Ne8 19.Nc1 Nd6 20.Qa4 Kb8 21.Nd3 f6 
22.Nxc5 Ka8 23.e4 Qc7 24.Rxf6 b6 25.Ne6 Bxe6 26.Rxe6 Qc5+ 27.Bf2 Qxc4 28.
Qxc4 Nxc4 29.Rb4 Rc8 30.Bg3 a5 31.Rb1 Rce8 32.Rf1 Rxe6 33.dxe6 Re8 34.Rf6 
h5 35.h4 Nd2 36.hxg5 Nxe4 37.Bh4 Nc5 38.g6 Nxe6 39.Bf2 b5 40.Be3 Kb8 41.
Bh6 Kc7 1-0

[Event "40th Nordic Ch"]
[Site "Gjoevik NOR"]
[Date "1985.07.18"]
[Round "3"]
[White "Olafsson, Helgi"]
[Black "Maki, Veijo"]
[Result "1-0"]
[WhiteElo "2515"]
[BlackElo "2365"]
[EventDate "1985.07.16"]
[PlyCount "64"]

1.Nf3 Nf6 2.d4 g6 3.Bg5 Bg7 4.Nbd2 O-O 5.e4 h6 6.Bh4 c5 7.dxc5 Na6 8.Bxa6 
bxa6 9.O-O Nh5 10.Rb1 g5 11.Ne1 Nf4 12.Bg3 a5 13.Bxf4 gxf4 14.Nd3 Qc7 15.
Nf3 Ba6 16.Qd2 Rab8 17.Rfc1 Bb7 18.Re1 Ba6 19.Nxf4 Qxc5 20.c3 Bc4 21.b3 
Be6 22.Nd4 Qg5 23.Nf3 Qc5 24.e5 a4 25.Nd4 Rb6 26.Re3 Rfb8 27.b4 Qc4 28.a3 
Qa2 29.Rb2 Qc4 30.Nh5 Bg4 31.Nxg7 Kxg7 32.Rg3 1-0

[Event "40th Nordic Ch"]
[Site "Gjoevik NOR"]
[Date "1985.07.19"]
[Round "4"]
[White "Hansen, Jens Christian"]
[Black "Agdestein, Simen"]
[Result "0-1"]
[WhiteElo "2215"]
[BlackElo "2515"]
[EventDate "1985.07.16"]
[PlyCount "82"]

1.d4 Nf6 2.c4 e6 3.Nf3 b6 4.e3 Bb7 5.Be2 d5 6.O-O Bd6 7.b4 dxc4 8.Bxc4 
Nbd7 9.b5 Qe7 10.a4 Ne4 11.Ba3 O-O 12.Qb3 Qf6 13.Nbd2 Qg6 14.Nxe4 Bxe4 15.
Ne1 e5 16.f3 Bb7 17.Bd5 Bxd5 18.Qxd5 exd4 19.Bxd6 Qxd6 20.Qxd6 cxd6 21.
exd4 Rac8 22.f4 Nf6 23.Nf3 Nd5 24.Nd2 f5 25.g3 Rc2 26.Nf3 h6 27.Rfe1 Kf7 
28.Rac1 Rfc8 29.Rxc2 Rxc2 30.Ra1 Ne3 31.a5 Rg2+ 32.Kh1 Rf2 33.axb6 axb6 
34.Nh4 g5 35.fxg5 hxg5 36.Re1 gxh4 37.Rxe3 h3 38.Kg1 Rg2+ 39.Kf1 Rxh2 40.
Rf3 Rh1+ 41.Kf2 Rb1 0-1

[Event "40th Nordic Ch"]
[Site "Gjoevik NOR"]
[Date "1985.07.19"]
[Round "4"]
[White "Maki, Veijo"]
[Black "Helmers, Knut"]
[Result "1/2-1/2"]
[WhiteElo "2365"]
[BlackElo "2435"]
[EventDate "1985.07.16"]
[PlyCount "42"]

1.e4 c5 2.Nf3 d6 3.d4 cxd4 4.Nxd4 Nf6 5.Nc3 a6 6.f4 e6 7.Be2 Be7 8.O-O O-O
9.Kh1 Qc7 10.a4 Nc6 11.Be3 Re8 12.Bg1 Nxd4 13.Qxd4 e5 14.Qd2 Bd7 15.a5 
Rac8 16.Bb6 Qc6 17.Ra4 Qxc3 18.bxc3 Bxa4 19.Bd3 Bf8 20.fxe5 dxe5 21.c4 Nd7
1/2-1/2

[Event "40th Nordic Ch"]
[Site "Gjoevik NOR"]
[Date "1985.07.19"]
[Round "4"]
[White "Schussler, Harry"]
[Black "Hansen, Curt"]
[Result "1/2-1/2"]
[WhiteElo "2465"]
[BlackElo "2500"]
[EventDate "1985.07.16"]
[PlyCount "56"]

1.d4 Nf6 2.c4 e6 3.Nf3 b6 4.g3 Ba6 5.b3 Bb4+ 6.Bd2 Be7 7.Bg2 c6 8.O-O d5 
9.Bc3 Nbd7 10.Nbd2 O-O 11.Re1 Bb7 12.e4 dxe4 13.Ng5 c5 14.Ngxe4 cxd4 15.
Bxd4 Qc7 16.Qe2 Nxe4 17.Nxe4 Rfe8 18.Rad1 Rad8 19.Qg4 g6 20.Qe2 a6 21.Ba1 
Bxe4 22.Qxe4 Nc5 23.Qe2 Rxd1 24.Rxd1 Rd8 25.Bf3 a5 26.Qb2 Rxd1+ 27.Bxd1 f6
28.Qd4 Qd8 1/2-1/2

[Event "40th Nordic Ch"]
[Site "Gjoevik NOR"]
[Date "1985.07.19"]
[Round "4"]
[White "Westerinen, Heikki"]
[Black "Oest-Hansen, Jacob"]
[Result "1/2-1/2"]
[WhiteElo "2390"]
[BlackElo "2420"]
[EventDate "1985.07.16"]
[PlyCount "20"]

1.e4 c5 2.c3 e6 3.Nf3 d5 4.e5 Nc6 5.d4 Qb6 6.Be2 cxd4 7.cxd4 Nge7 8.Na3 
Nf5 9.Nc2 Nb4 10.Ne3 Nxe3 1/2-1/2

[Event "40th Nordic Ch"]
[Site "Gjoevik NOR"]
[Date "1985.07.20"]
[Round "5"]
[White "Agdestein, Simen"]
[Black "Schussler, Harry"]
[Result "1-0"]
[WhiteElo "2515"]
[BlackElo "2465"]
[EventDate "1985.07.16"]
[PlyCount "75"]

1.d4 Nf6 2.Nf3 e6 3.c4 d5 4.Nc3 Be7 5.Bg5 O-O 6.Rc1 h6 7.Bh4 dxc4 8.e3 c5 
9.dxc5 Qa5 10.Bxc4 Qxc5 11.Qe2 Nc6 12.O-O Bd7 13.a3 Qa5 14.h3 Rfd8 15.Bg3 
a6 16.e4 b5 17.Bd3 b4 18.axb4 Nxb4 19.Bc4 Bc6 20.Ne5 Bb7 21.f4 Bc5+ 22.Kh1
Bd4 23.Nf3 Rac8 24.e5 Bxf3 25.Rxf3 Nfd5 26.Bh4 Rf8 27.Ne4 Kh8 28.Rd1 Qb6 
29.Bb3 Bc5 30.f5 exf5 31.Rxf5 Ne3 32.Rf6 Rc6 33.Nxc5 Nxd1 34.e6 Qxc5 35.
Rxh6+ gxh6 36.Bf6+ Kh7 37.Qe4+ Kg8 38.exf7+ 1-0

[Event "40th Nordic Ch"]
[Site "Gjoevik NOR"]
[Date "1985.07.20"]
[Round "5"]
[White "Olafsson, Helgi"]
[Black "Westerinen, Heikki"]
[Result "1-0"]
[WhiteElo "2515"]
[BlackElo "2390"]
[EventDate "1985.07.16"]
[PlyCount "46"]

1.Nf3 Nf6 2.d4 g6 3.c4 Bg7 4.g3 O-O 5.Bg2 d6 6.Nc3 Nc6 7.O-O Bg4 8.d5 Na5 
9.b3 c5 10.dxc6 Ne4 11.c7 Qxc7 12.Nd5 Qd8 13.Nd4 Nc5 14.Bg5 f6 15.Bd2 e5 
16.Bxa5 Qxa5 17.b4 Qd8 18.Nb5 Na6 19.Ne3 Bc8 20.Nxd6 Nxb4 21.a3 Nc6 22.
Bd5+ Kh8 23.Bxc6 1-0

[Event "40th Nordic Ch"]
[Site "Gjoevik NOR"]
[Date "1985.07.20"]
[Round "5"]
[White "Helmers, Knut"]
[Black "Hjartarson, Johann"]
[Result "1/2-1/2"]
[WhiteElo "2435"]
[BlackElo "2505"]
[EventDate "1985.07.16"]
[PlyCount "80"]

1.d4 Nf6 2.c4 g6 3.Nf3 Bg7 4.g3 O-O 5.Bg2 d6 6.O-O Nbd7 7.d5 e5 8.dxe6 
fxe6 9.Nd4 Ne5 10.Qb3 c5 11.Nf3 Nc6 12.Bg5 a6 13.Nc3 Na5 14.Qc2 Nxc4 15.
Ne4 b5 16.Rad1 d5 17.b3 Nd6 18.Nxc5 Qb6 19.Be3 Qc7 20.Bd4 b4 21.Rc1 Nb5 
22.Be5 Qe7 23.Nd4 Nc3 24.Na4 Nxa4 25.bxa4 a5 26.Nb5 Ne8 27.Bxg7 Qxg7 28.
Qc6 Rb8 29.e3 Qe7 30.Nd4 Nf6 31.Qc5 Qxc5 32.Rxc5 Bd7 33.Bh3 e5 34.Bxd7 
Nxd7 35.Rxd5 exd4 36.Rxd7 dxe3 37.fxe3 Rxf1+ 38.Kxf1 Rc8 39.Ra7 Rc2 40.
Rxa5 1/2-1/2

[Event "40th Nordic Ch"]
[Site "Gjoevik NOR"]
[Date "1985.07.20"]
[Round "5"]
[White "Oest-Hansen, Jacob"]
[Black "Hansen, Jens Christian"]
[Result "1-0"]
[WhiteElo "2420"]
[BlackElo "2215"]
[EventDate "1985.07.16"]
[PlyCount "70"]

1.g3 Nf6 2.Bg2 d5 3.Nf3 e6 4.O-O Nbd7 5.d3 Be7 6.Nbd2 O-O 7.Re1 Nc5 8.c4 
a5 9.b3 c6 10.Qc2 b5 11.Bb2 Na6 12.a3 Bb7 13.e4 Rc8 14.Rac1 Re8 15.Qb1 b4 
16.a4 Ba8 17.Re2 Nc5 18.e5 Nh5 19.Nd4 g6 20.N2f3 Na6 21.Rce1 Ng7 22.g4 Nc7
23.Qc1 c5 24.Nb5 Nxb5 25.axb5 dxc4 26.dxc4 Bxf3 27.Bxf3 Bg5 28.Qc2 h5 29.
h3 hxg4 30.hxg4 Kh7 31.Bc6 Rxc6 32.bxc6 Bf4 33.Bc1 Bh2+ 34.Kg2 Qh4 35.Qe4 
1-0

[Event "40th Nordic Ch"]
[Site "Gjoevik NOR"]
[Date "1985.07.20"]
[Round "5"]
[White "Yrjola, Jouni"]
[Black "Maki, Veijo"]
[Result "1/2-1/2"]
[WhiteElo "2460"]
[BlackElo "2365"]
[EventDate "1985.07.16"]
[PlyCount "46"]

1.d4 Nf6 2.Nf3 g6 3.c4 Bg7 4.Nc3 d5 5.Bf4 O-O 6.e3 c5 7.dxc5 Qa5 8.Rc1 
dxc4 9.Bxc4 Nc6 10.O-O Qxc5 11.Nb5 Qh5 12.Nc7 Rb8 13.h3 Bd7 14.Ng5 Qxd1 
15.Rfxd1 Rbd8 16.Nd5 e5 17.Nxf6+ Bxf6 18.Ne4 Kg7 19.Nxf6 Kxf6 20.Bh6 Rfe8 
21.f4 Ke7 22.fxe5 Nxe5 23.Bf4 1/2-1/2

[Event "40th Nordic Ch"]
[Site "Gjoevik NOR"]
[Date "1985.07.20"]
[Round "5"]
[White "Hansen, Curt"]
[Black "Wiedenkeller, Michael"]
[Result "0-1"]
[WhiteElo "2500"]
[BlackElo "2465"]
[EventDate "1985.07.16"]
[PlyCount "82"]

1.d4 f5 2.Nf3 Nf6 3.g3 e6 4.Bg2 d5 5.O-O Bd6 6.c4 c6 7.b3 Qe7 8.Ne5 O-O 9.
Nd3 Nbd7 10.Nd2 b6 11.Bb2 Bb7 12.e3 Rac8 13.Qe2 c5 14.dxc5 bxc5 15.Nf4 Nb6
16.Qd3 Rcd8 17.Qc2 Ba6 18.Rfe1 Ne4 19.cxd5 exd5 20.Rad1 Bb7 21.Bh3 d4 22.
Bg2 dxe3 23.fxe3 Ng5 24.h4 Bxg2 25.hxg5 Ba8 26.Nc4 Qb7 27.e4 Bxf4 28.gxf4 
fxe4 29.Ne3 Rd3 30.Qxc5 Rxf4 31.Qe5 Qf7 32.Rf1 Nd5 33.Rc1 h6 34.Rc8+ Kh7 
35.Rxa8 Rxe3 36.Rxf4 Nxf4 37.Qxg7+ Qxg7 38.Bxg7 Kxg7 39.Rxa7+ Kg6 40.gxh6 
Kxh6 41.b4 Rf3 0-1

[Event "40th Nordic Ch"]
[Site "Gjoevik NOR"]
[Date "1985.07.21"]
[Round "6"]
[White "Wiedenkeller, Michael"]
[Black "Agdestein, Simen"]
[Result "0-1"]
[WhiteElo "2465"]
[BlackElo "2515"]
[EventDate "1985.07.16"]
[PlyCount "80"]

1.d4 Nf6 2.c4 e6 3.Nc3 Bb4 4.e3 O-O 5.Bd3 c5 6.Ne2 d5 7.O-O Nc6 8.cxd5 
exd5 9.a3 Bxc3 10.bxc3 Bg4 11.f3 Bh5 12.Ng3 Bg6 13.Bb2 Re8 14.Re1 Qd7 15.
Qd2 Na5 16.Rad1 Rac8 17.Bxg6 hxg6 18.Qd3 Re6 19.e4 cxd4 20.Qxd4 Qb5 21.Qb4
Qa6 22.Qd4 Nc6 23.Qf2 Ne5 24.c4 dxc4 25.Bxe5 Rxe5 26.f4 Re7 27.e5 Ng4 28.
Qd4 c3 29.Ne4 Qxa3 30.Rd3 Rec7 31.Qd5 c2 32.Rxa3 c1=Q 33.Ra1 Qxf4 34.g3 
Qxe5 35.Qd1 Nf6 36.Qd6 Qf5 37.Nxf6+ gxf6 38.Rf1 Qg5 39.Rf4 Qe5 40.Qa3 
Qxa1+ 0-1

[Event "40th Nordic Ch"]
[Site "Gjoevik NOR"]
[Date "1985.07.21"]
[Round "6"]
[White "Olafsson, Helgi"]
[Black "Helmers, Knut"]
[Result "1/2-1/2"]
[WhiteElo "2515"]
[BlackElo "2435"]
[EventDate "1985.07.16"]
[PlyCount "40"]

1.d4 Nf6 2.Nf3 g6 3.c4 Bg7 4.Nc3 d5 5.cxd5 Nxd5 6.e4 Nxc3 7.bxc3 c5 8.Rb1 
O-O 9.Be2 Nc6 10.d5 Ne5 11.Nxe5 Bxe5 12.Qd2 e6 13.f4 Bg7 14.c4 exd5 15.
cxd5 Bd4 16.Bb2 Qb6 17.Bd3 c4 18.Bxc4 Re8 19.Bd3 Bf5 20.Ba1 Qf6 1/2-1/2

[Event "40th Nordic Ch"]
[Site "Gjoevik NOR"]
[Date "1985.07.21"]
[Round "6"]
[White "Maki, Veijo"]
[Black "Hansen, Curt"]
[Result "0-1"]
[WhiteElo "2365"]
[BlackElo "2500"]
[EventDate "1985.07.16"]
[PlyCount "50"]

1.e4 c5 2.Nf3 d6 3.d4 cxd4 4.Nxd4 Nf6 5.Nc3 a6 6.Bg5 e6 7.f4 Qb6 8.Qd2 
Qxb2 9.Rb1 Qa3 10.f5 Nc6 11.fxe6 fxe6 12.Nxc6 bxc6 13.e5 dxe5 14.Bxf6 gxf6
15.Be2 Qd6 16.Bh5+ Ke7 17.Qe2 Qd4 18.Ne4 Bh6 19.Rb3 Qa1+ 20.Kf2 Qd4+ 21.
Kg3 f5 22.Bf3 fxe4 23.Bxe4 Qd2 24.Qc4 Rf8 25.Kh3 Qd4 0-1

[Event "40th Nordic Ch"]
[Site "Gjoevik NOR"]
[Date "1985.07.21"]
[Round "6"]
[White "Hjartarson, Johann"]
[Black "Yrjola, Jouni"]
[Result "1-0"]
[WhiteElo "2505"]
[BlackElo "2460"]
[EventDate "1985.07.16"]
[PlyCount "72"]

1.d4 d5 2.c4 c6 3.Nf3 Nf6 4.Nc3 dxc4 5.a4 Bg4 6.Ne5 Bh5 7.g3 e6 8.Bg2 Bb4 
9.O-O Nd5 10.Qc2 a5 11.Nxc4 Nb6 12.Nxb6 Qxb6 13.Be3 Bg6 14.Be4 Qd8 15.Rac1
Nd7 16.Bxg6 hxg6 17.Ne4 Nf6 18.Nc5 Bxc5 19.dxc5 Qd5 20.Rcd1 Qh5 21.h4 Qg4 
22.Bg5 Nd5 23.e4 Nb4 24.Qc4 f6 25.Bf4 g5 26.Bc7 Rc8 27.Qd4 e5 28.Qd6 gxh4 
29.Bd8 Kf7 30.Bxa5 Kg6 31.Qd7 Qxe4 32.Rfe1 Qc4 33.b3 Qxb3 34.Qg4+ Kh7 35.
Rd7 Rcg8 36.Qh5# 1-0

[Event "40th Nordic Ch"]
[Site "Gjoevik NOR"]
[Date "1985.07.21"]
[Round "6"]
[White "Westerinen, Heikki"]
[Black "Hansen, Jens Christian"]
[Result "1/2-1/2"]
[WhiteElo "2390"]
[BlackElo "2215"]
[EventDate "1985.07.16"]
[PlyCount "112"]

1.e4 e6 2.d4 d5 3.Nc3 Bb4 4.Ne2 dxe4 5.a3 Be7 6.Nxe4 Nf6 7.Qd3 Nbd7 8.Bf4 
Nxe4 9.Qxe4 O-O 10.O-O-O Nf6 11.Qf3 Nd5 12.Be5 b5 13.Nc3 c6 14.Nxd5 Qxd5 
15.Qxd5 exd5 16.Bd3 f6 17.Bg3 Bd7 18.h3 a5 19.Rhe1 Rfe8 20.Kd2 c5 21.dxc5 
Bxc5 22.Rxe8+ Rxe8 23.Re1 Rxe1 24.Kxe1 b4 25.axb4 axb4 26.f3 Bd4 27.b3 Kf7
28.Ke2 h6 29.Be1 Bc5 30.c3 bxc3 31.Bxc3 Bb6 32.Bd2 Be6 33.Bb4 Bc8 34.g4 
Bb7 35.h4 Bd8 36.h5 Be7 37.Bg6+ Kf8 38.Bxe7+ Kxe7 39.Kd3 Kd6 40.Kd4 Ba6 
41.Bf7 Bb7 42.b4 Bc6 43.Bg8 Ba8 44.b5 Bb7 45.Bf7 Ba8 46.Bg6 Kc7 47.Kc5 d4 
48.b6+ Kb8 49.f4 Bf3 50.Kxd4 Bxg4 51.Kc5 Kb7 52.Kd6 Kxb6 53.Ke7 Kc5 54.Kf7
Kd4 55.Kxg7 Bxh5 56.Bxh5 Ke4 1/2-1/2

[Event "40th Nordic Ch"]
[Site "Gjoevik NOR"]
[Date "1985.07.22"]
[Round "7"]
[White "Agdestein, Simen"]
[Black "Maki, Veijo"]
[Result "1/2-1/2"]
[WhiteElo "2515"]
[BlackElo "2365"]
[EventDate "1985.07.16"]
[PlyCount "116"]

1.d4 Nf6 2.c4 g6 3.Nc3 Bg7 4.e4 d6 5.f3 O-O 6.Be3 e5 7.d5 c6 8.Bd3 b5 9.
cxb5 cxd5 10.exd5 e4 11.fxe4 Ng4 12.Qd2 Nxe3 13.Qxe3 f5 14.Nf3 f4 15.Qf2 
Nd7 16.O-O Ne5 17.Nxe5 Bxe5 18.Ne2 Qf6 19.Rac1 g5 20.Rc4 g4 21.Nd4 Bd7 22.
Nf5 Bxb5 23.Qe2 Bxc4 24.Qxg4+ Kh8 25.Bxc4 Rg8 26.Qh3 Rg6 27.Rf3 Bxb2 28.
Rxf4 Bd4+ 29.Kh1 Rc8 30.Qd3 Be5 31.Rf1 Qg5 32.g3 Rf6 33.a4 a5 34.Qe2 Rf7 
35.Bb5 Rc1 36.Rxc1 Qxc1+ 37.Kg2 Rf8 38.Kh3 Qg5 39.Bd7 Rb8 40.Bb5 Rf8 41.
Qc2 Qh5+ 42.Kg2 Qg5 43.Qc7 Qd2+ 44.Kh3 Qg5 45.Be2 Qd8 46.Qxd8 Rxd8 47.Bb5 
Rc8 48.Bc6 Rb8 49.Bb5 Rc8 50.Ne3 Kg7 51.Bc6 Rd8 52.Kg4 Kg6 53.Nc4 Bc3 54.
Kf4 Kf6 55.g4 Be5+ 56.Kf3 Bc3 57.h4 h6 58.Ke2 1/2-1/2

[Event "40th Nordic Ch"]
[Site "Gjoevik NOR"]
[Date "1985.07.22"]
[Round "7"]
[White "Yrjola, Jouni"]
[Black "Olafsson, Helgi"]
[Result "0-1"]
[WhiteElo "2460"]
[BlackElo "2515"]
[EventDate "1985.07.16"]
[PlyCount "62"]

1.d4 Nf6 2.c4 e6 3.Nf3 b6 4.g3 Ba6 5.b3 Bb4+ 6.Bd2 Be7 7.Bg2 c6 8.Bc3 d5 
9.Ne5 Nfd7 10.Nxd7 Nxd7 11.Nd2 O-O 12.O-O Rc8 13.e4 dxe4 14.Nxe4 b5 15.
cxb5 cxb5 16.b4 Bb7 17.Nc5 Bxg2 18.Kxg2 Nb6 19.Qb3 Qd6 20.Rfd1 Qc6+ 21.Kg1
Rfd8 22.Bb2 h5 23.a4 bxa4 24.Nxa4 Qc2 25.Rd3 Bxb4 26.Nxb6 axb6 27.Qxc2 
Rxc2 28.Rb3 Ba5 29.Rb1 Rd5 30.Kg2 Rf5 31.Rf3 Rb5 0-1

[Event "40th Nordic Ch"]
[Site "Gjoevik NOR"]
[Date "1985.07.22"]
[Round "7"]
[White "Helmers, Knut"]
[Black "Westerinen, Heikki"]
[Result "1-0"]
[WhiteElo "2435"]
[BlackElo "2390"]
[EventDate "1985.07.16"]
[PlyCount "82"]

1.Nf3 Nf6 2.c4 g6 3.d4 Bg7 4.g3 c5 5.Bg2 cxd4 6.Nxd4 O-O 7.Nc3 Nc6 8.O-O 
Ng4 9.e3 Nxd4 10.exd4 Nh6 11.Bd2 Nf5 12.d5 d6 13.b3 e5 14.dxe6 fxe6 15.Rc1
Rb8 16.Ne4 Qb6 17.Bf4 e5 18.Qd5+ Kh8 19.Bd2 Bd7 20.c5 Bc6 21.cxb6 Bxd5 22.
bxa7 Ra8 23.Bb4 Rfd8 24.Ba5 Rd7 25.Bb6 Bc6 26.Nc3 d5 27.b4 d4 28.Ne4 Bxe4 
29.Bxe4 Nd6 30.Bd5 Bf6 31.b5 Kg7 32.a4 Kh6 33.Rc7 Nc8 34.Rxc8 Rxc8 35.Be6 
Rdd8 36.Bxd8 Rxd8 37.Rc1 Ra8 38.b6 d3 39.Bd5 e4 40.Bxb7 d2 41.Rd1 1-0